Southville International School and Colleges
Your cart is empty.
  • Cart
  • Lists
    Public lists Eva Luna New books Lux_list list_1
    Your lists Log in to create your own lists
  • Log in to your account
  • Your cookies
  • Search history
Southville International School and Colleges
  • Advanced search
  • Recent comments
  • Most popular
  • Libraries

Log in to your account

Log in with GOOGLE


If you do not have an external account, but do have a local account, you can still log in:

  1. Home
  2. MARC view: Authentic opportunities for writing about math in high school :
Normal view MARC view ISBD view

Authentic opportunities for writing about math in high school : (Record no. 367805)

[ view plain ]
MARC details
000 -LEADER
fixed length control field 00764nam a22002057a 4500
003 - CONTROL NUMBER IDENTIFIER
control field 0
005 - DATE AND TIME OF LATEST TRANSACTION
control field 20250906133723.0
008 - FIXED-LENGTH DATA ELEMENTS--GENERAL INFORMATION
fixed length control field 250906b xxu||||| |||| 00| 0 eng d
020 ## - INTERNATIONAL STANDARD BOOK NUMBER
International Standard Book Number 978-1-032-44786-5
050 ## - LIBRARY OF CONGRESS CALL NUMBER
Classification number QA 20.M38
Item number .J66 2025
100 ## - MAIN ENTRY--PERSONAL NAME
Personal name Jones, Tammy L.,
Relator term author.
245 ## - TITLE STATEMENT
Title Authentic opportunities for writing about math in high school :
Remainder of title prompts and examples for building understanding /
Statement of responsibility, etc Tammy L. Jones and Leslie A. Texas.
260 ## - PUBLICATION, DISTRIBUTION, ETC. (IMPRINT)
Place of publication, distribution, etc New York, NY :
Name of publisher, distributor, etc Routledge,
Date of publication, distribution, etc 2025.
300 ## - PHYSICAL DESCRIPTION
Extent xiv, 185 pages :
Other physical details illustrations ;
Dimensions 28 cm.
504 ## - BIBLIOGRAPHY, ETC. NOTE
Bibliography, etc Includes bibliographical references.
650 ## - SUBJECT ADDED ENTRY--TOPICAL TERM
Topical term or geographic name as entry element Mathematics
General subdivision Authorship.
650 ## - SUBJECT ADDED ENTRY--TOPICAL TERM
Topical term or geographic name as entry element Mathematics
General subdivision Study and teaching (Secondary).
700 ## - ADDED ENTRY--PERSONAL NAME
Personal name Texas, Leslie A.,
Relator term author.
942 ## - ADDED ENTRY ELEMENTS (KOHA)
Source of classification or shelving scheme Library of Congress Classification
Koha item type Books
Holdings
Withdrawn status Lost status Source of classification or shelving scheme Damaged status Home library Current library Shelving location Date acquired Source of acquisition Sub Shelving location Total Checkouts Full call number Barcode Date last seen Price effective from Koha item type
    Library of Congress Classification   College Library College Library Reserve Section 06/04/2025 Library Fund     QA 20.M38 .J66 2025 C24910 09/06/2025 09/06/2025 Books

Authentic opportunities for writing about math in high school :

APA

Jones T. L., Texas L. A., . (2025). Authentic opportunities for writing about math in high school. New York, NY: Routledge.

Chicago

Jones Tammy L, Texas Leslie A, . 2025. Authentic opportunities for writing about math in high school. New York, NY: Routledge.

Harvard

Jones T. L., Texas L. A., . (2025). Authentic opportunities for writing about math in high school. New York, NY: Routledge.

MLA

Jones Tammy L, Texas Leslie A, . Authentic opportunities for writing about math in high school. New York, NY: Routledge. 2025.

  • Place hold
  • Print
  • Cite
  • Add to your cart (remove)
  • Save record
    BIBTEX Dublin Core MARCXML MARC (non-Unicode/MARC-8) MARC (Unicode/UTF-8) MARC (Unicode/UTF-8, Standard) MODS (XML) RIS
  • More searches
    Search for this title in:
    Other Libraries (WorldCat) Other Databases (Google Scholar) Online Stores (Bookfinder.com) Open Library (openlibrary.org)

Exporting to Dublin Core...

SOUTHVILLE LIBRARY

Southville International School and Colleges Library

1281 Tropical Ave. Cor. Luxembourg St., BF Homes International, Las Pinas City

Tel. No. 8256374 / 252358 Loc. 117/146

Powered by Koha